01562aam a2200349 i 4500001001000000003001000010005001700020007000300037008004100040020002200081040001900103041000800122082002300130100004200153245014500195250002200340264007100362264000900433264001100442300002700453336002700480337003300507338002800540505035500568563001400923630006800937650004201005942000701047945001201054952012901066999001701195768714001CO-MdFUSB20240826163940.0ta240529t2004 gt |||| |||| 00| 0 spa d a[No incluye ISBN] cCO-MdFUSBbspa0 aspa04a227.8106223bN973 aNúñez C., Emilio Antonio, eautor10aConstantes en la esperanza : bun comentario a la primera epístola del apóstol Pablo a los Tesalonicensesc/ Emilio Antonio Núñez C. asegunda edición 1bEdiciones y Publicaciones MarLor, aCiudad de Guatemala : c[1976] 3c2004 4c©1976 a259 páginasc; 21 cm 2rdacontentatextobtxt 2rdamediaasin mediaciónbn 2rdacarrieravolumenbnc tSección Histórico-biográfica: 1:2-3:13:aPablo da gracias por los tesalonicenses. -- Pablo defiende su ministerio ante los tesalonicenses. -- Pablo demuestra su interés por los tesalonicenses.tSección doctrinal y práctica: 4:1-5:24:aLa santidad práctica. -- La venida de Cristo. -- Exhortaciones varias: 5:12-24tConclusión: 5:25-28 aRústico07aBiblia.pTesalonicenses, 1ªxCrítica, interpretación, etc. 7aHermenéutica bíblica2embne97333 cBK aJTF-925 00102ddc40708GENaFUSBCbFUSBCd2024-05-29l0oG 227.8106 N973cp23468r2019-12-12 00:00:00tEj. 1w2016-01-26yBKB0k1 c44059d44059